Language Quiz

Random Language Quiz

Languages by Wikipedia Entry Quiz Stats

 Plays Quiz not verified by Sporcle

Support Sporcle.
Go Orange.
Score 0/20 Timer 05:00
0 Plays Today
First Sentence Language % Correct
Is the official language of Korea, both South and North.Korean
99.2%
Is a North Germanic language spoken by around 6 million people, principally in Denmark.Danish
96.9%
Is a Romance language spoken as a native language by about 70 million people in Italy, Malta, San Marino and parts of Switzerland, Croatia, Slovenia and France...Italian
96.9%
Is a North Germanic language, spoken by approximately 10 million people, predominantly in Sweden and parts of Finland, especially along its coast and on the Ă…land islands.Swedish
96.2%
Is a Slavic language used primarily in Russia, Belarus, Ukraine, Kazakhstan and Kyrgyzstan.Russian
96.2%
Is a Romance language spoken as a first language by around 136 million people worldwide.French
95.4%
Is a West Germanic language that arose in the Anglo-Saxon kingdoms of England and spread into what was to become south-east Scotland under the influence of...NorthumbriaEnglish
93.8%
Is a standardised register of Hindustani identified with Hindus.Hindi
93.1%
Is spoken as a native language by over 77 million people worldwide, making it the most commonly spoken of the Turkic languages.Turkish
93.1%
Is an independent branch of the Indo-European family of languages, is the language of the Greeks.Greek
93.1%
First Sentence Language % Correct
Is a language spoken by over 130 million people in Japan and in Japanese emigrant communities.Japanese
93.1%
Is a Romance language spoken by around 24 to 28 million people, primarily in Romania and Moldova.Romanian
93.1%
Is an Iranian language within the Indo-Iranian branch of the Indo-European languages.Persian
90.8%
Is a West Germanic language, spoken natively in South Africa and Namibia.Afrikaans
89.2%
Is a West Germanic language spoken by over 22 million people natively and over 5 million people as a second language.Dutch
87.7%
Is a Romance language developed from Galician-Portuguese that was spoken in the medieval Kingdom of Galicia.Portuguese
87.7%
Is a Romance language in the Ibero-Romance group that evolved from several languages and dialects in the central-north of Iberia during the 9th century.Spanish
86.9%
Is a name applied to a group of dialects of the Central Semitic languages, thus related to and classified alongside other Semitic languages such as Hebrew and Neo-Aramaic.Arabic
86.2%
Is a Bantu language spoken by various ethnic groups that inhabit several large stretches of the Indian Ocean coastline from northern Kenya to northern Mozambique...Swahili
86.2%
Is a Semitic language of the Afro-Asiatic language family.Hebrew
82.3%

You're not logged in!

Compare scores with friends on all Sporcle quizzes.
OR
Log In

From the Vault

Five Decades of Cartoons

by jrage2009

This is also a neat way to see how art styles have universally changed over time.
Remove Ads.
Support Sporcle.
Get the best of Sporcle when you Go Orange. This ad-free experience offers more features, more stats, and more fun while also helping to support Sporcle. Thank you for becoming a member.

Show Comments

Extras

Created Feb 28, 2011SourceReportNominate
Tags:Wikipedia

Top Quizzes Today


Score Distribution

Your Account Isn't Verified!

In order to create a playlist on Sporcle, you need to verify the email address you used during registration. Go to your Sporcle Settings to finish the process.

Report this User

Report this user for behavior that violates our Community Guidelines.

Details: